| 000 | 00755nam a22002297a 4500 | ||
|---|---|---|---|
| 005 | 20170124105931.0 | ||
| 010 | _aA-953302 | ||
| 020 |
_c00.00 _a0195648501 |
||
| 035 | _aA-953302 | ||
| 037 | _bCen Lib/Ret | ||
| 040 |
_aDPL _bEN |
||
| 082 | _a332.3 | ||
| 100 |
_aBhattacharya,Hrishikes _98214 |
||
| 245 |
_aBanking strategy credit appraisal and landing decisions : _cby Hrishikes Bhattacharya _ba risk return framework / |
||
| 260 |
_aCalcutta _bDelhi oxford university press _c1998 |
||
| 270 |
_aCalcutta _bCalcutta |
||
| 300 |
_axvii,725p. _c20cm(Hb) |
||
| 500 | _aIncludes bibliographical reference and index | ||
| 650 |
_aBanks and banking _987381 |
||
| 650 |
_aTraditional bankings _987382 |
||
| 942 |
_2ddc _cEN _h332.3 _mBHA |
||
| 999 |
_c123838 _d123838 |
||